000 00679nam a2200265Ia 4500
005 20260302114557.0
008 008 260114s9999 xx 000 0 eng d
020 _a9798881818784
037 _aTextbook
040 _aCRL
040 _beng
040 _cCRL
041 _2eng
041 _aeng
084 _qCRL
100 _aJami L. Anderson, Simon Cushing
_91119159
245 4 _aThe Philosophy of Autism
260 _bBloomsbury
260 _bRowman & Littlefield
260 _c2012
650 _aPhilosophy
856 _uhttps://doi.org/10.5040/9798881818784?locatt=label:secondary_bloomsburyCollections
942 _cEBOOK
999 _c1683061
_d1683061